书目信息 |
| 题名: |
村民自治工作理论与实务
|
|
| 作者: | 陈新祥 , 唐鸣 主编 | |
| 分册: | ||
| 出版信息: | 北京 中国社会出版社 2014 |
|
| 页数: | 223页 | |
| 开本: | 24cm | |
| 丛书名: | 城乡社区工作理论与实务丛书 | |
| 单 册: | ||
| 中图分类: | D638 | |
| 科图分类: | ||
| 主题词: | 农村--群众自治--工作经验--湖北 , 农村 , 群众自治 , 工作经验 | |
| 电子资源: | ||
| ISBN: | 978-7-5087-4628-9 | |
| 000 | 01180nam0 22003011 450 | |
| 001 | 523 | |
| 005 | 20140905100730.34 | |
| 010 | @a978-7-5087-4628-9@dCNY30.00 | |
| 100 | @a20140207d2014 em y0chiy50 ea | |
| 101 | 0 | @achi |
| 102 | @aCN@b110000 | |
| 105 | @ay z 000yy | |
| 106 | @ar | |
| 200 | 1 | @a村民自治工作理论与实务@ACun Min Zi Zhi Gong Zuo Li Lun Yu Shi Wu@f陈新祥,唐鸣主编@FChen Xin Xiang, Tang Ming Zhu Bian |
| 210 | @a北京@c中国社会出版社@d2014 | |
| 215 | @a223页@d24cm | |
| 225 | 2 | @a城乡社区工作理论与实务丛书 |
| 330 | @a本书是湖北省民政厅跟据自己在社区建设中积累的经验和工作的总结,既有面上的社区建设基础知识,又有点上的各案实物。主要由五部分组成:村民自治概论、村民委员会、民主选举、民主决策、民主管理、民主监督、大力推进村民自治工作、附录,主要收录了有关村民自治的法律、法规、规章、政策等文件。 | |
| 461 | 0 | @12001 @a城乡社区工作理论与实务丛书 |
| 606 | 0 | @a农村@x群众自治@x工作经验@y湖北 |
| 606 | 0 | @a农村 |
| 606 | 0 | @a群众自治 |
| 606 | 0 | @a工作经验 |
| 690 | @aD638@v5 | |
| 701 | 0 | @a陈新祥@AChen Xin Xiang@c(公务员)@4主编 |
| 701 | 0 | @a唐鸣@ATang Ming@f(1957~)@4主编 |
| 801 | 0 | @aCN@bTANGWEI@c20140603 |
| 905 | @b0836949-51@dD638@e210@f3 | |
| 村民自治工作理论与实务/陈新祥,唐鸣主编.-北京:中国社会出版社,2014 |
| 223页;24cm.-(城乡社区工作理论与实务丛书) |
| ISBN 978-7-5087-4628-9:CNY30.00 |
| 本书是湖北省民政厅跟据自己在社区建设中积累的经验和工作的总结,既有面上的社区建设基础知识,又有点上的各案实物。主要由五部分组成:村民自治概论、村民委员会、民主选举、民主决策、民主管理、民主监督、大力推进村民自治工作、附录,主要收录了有关村民自治的法律、法规、规章、政策等文件。 |
| ● |
| 相关链接 |
|
|
|
|
正题名:村民自治工作理论与实务
索取号:D638/210
 
预约/预借
| 序号 | 登录号 | 条形码 | 馆藏地/架位号 | 状态 | 备注 |
| 1 | 0836949 | 208369497 | 第一样本阅览室/ [索取号:D638/210] | 在馆 | |
| 2 | 0836950 | 208369503 | 第一借阅区/ [索取号:D638/210] | 在馆 | |
| 3 | 0836951 | 208369512 | 第一借阅区/ [索取号:D638/210] | 在馆 |